Lebensmittel mit "K" - Statistiken

Allgemein
  • Dieses Quiz wurde 304 mal gespielt
  • Das Durchschnittsergebnis liegt bei 25 aus 83
Antwortstatistiken
Lebensmittel % Korrekt
Kartoffel
74%
Kohl
71%
Kakao
70%
Käse
70%
Kuchen
69%
Kaffee
66%
Karotte
64%
Kirsche
64%
Kokosnuss
50%
Kürbis
50%
Kiwi
49%
Karamell
48%
Keks
48%
Kalbfleisch
46%
Kümmel
46%
Kohlrabi
45%
Kartoffelbrei / Kartoffelpüree
44%
Kartoffelsalat
42%
Korn
42%
Kräuter
42%
Kasseler
41%
Kabeljau
39%
Koriander
39%
Kresse
39%
Kaiserschmarrn
38%
Kuhmilch
38%
Kandiszucker
36%
Kartoffelsuppe
36%
Knödel / Klöße
35%
Karpfen
34%
Kaugummi
34%
Königsberger Klops
34%
Kurkuma
34%
Knoblauch
33%
Kamillentee
32%
Kichererbse
32%
Krebs
32%
Kürbissuppe
32%
Kohlroulade /Krautroulade
31%
Kreuzkümmel
31%
Kapern
30%
Käsekuchen
30%
Krapfen
29%
Kaki
28%
Kroketten
28%
Kartoffelpuffer
27%
Kopfsalat
26%
Knäckebrot
25%
Kefir
24%
Krokant
24%
Karottensaft
23%
Kräuterbutter
23%
Kaninchen
21%
Kartoffelchips
21%
Kaviar
21%
Kochschinken
21%
Krakauer
21%
Kaktusfeige
20%
Kardamom
20%
Krustenbraten
18%
Kürbiskern
18%
Kräutertee
17%
Kalter Hund
16%
Kebab
16%
Katzenzungen
14%
Ketchup
14%
Käsefondue
13%
Kaltschale
11%
Kumquat
10%
Käsespätzle
9%
Kochsalz
9%
Käsebrötchen
8%
Kidneybohne
8%
Kohlrübe
8%
Kräuterlikör
7%
Kirschtomate
6%
Kochbanane
6%
Knoblauchöl
4%
Knoblauchwurst
4%
Knollensellerie
4%
Katenrauchwurst
2%
Kanapee
1%
Kristallzucker
1%
Keine übereinstimmenden Quizze gefunden
Verteilung der Resultate
Anzahl Personen mit jedem Resultat
Perzentil nach korrekt beantworteten Fragen
Ihre Resultats-Entwicklung
Sie haben dieses Quiz noch nicht gespielt